<?xml version="1.0" encoding="UTF-8"?>
<record
    xmlns:xsi="http://www.w3.org/2001/XMLSchema-instance"
    xsi:schemaLocation="http://www.loc.gov/MARC21/slim http://www.loc.gov/standards/marcxml/schema/MARC21slim.xsd"
    xmlns="http://www.loc.gov/MARC21/slim">

  <leader>01615nam a22003017a 4500</leader>
  <datafield tag="999" ind1=" " ind2=" ">
    <subfield code="c">23567</subfield>
    <subfield code="d">23567</subfield>
  </datafield>
  <controlfield tag="003">AR-CdUCM</controlfield>
  <controlfield tag="008">260331b2024    pe ||||| |||| 00| 0 spa d</controlfield>
  <datafield tag="040" ind1=" " ind2=" ">
    <subfield code="a">MUNICIPALIDAD PROVINCIAL DEL CUSCO</subfield>
    <subfield code="c">BIBLIOTECA MUNICIPAL DEL CUSCO</subfield>
  </datafield>
  <datafield tag="082" ind1=" " ind2=" ">
    <subfield code="a">333.7 /</subfield>
    <subfield code="b">F61</subfield>
  </datafield>
  <datafield tag="100" ind1=" " ind2=" ">
    <subfield code="a">Flores Moreno, Adhemir</subfield>
  </datafield>
  <datafield tag="245" ind1=" " ind2=" ">
    <subfield code="a">Ecolog&#xED;a del Don :</subfield>
    <subfield code="b">Estudio Etnogr&#xE1;fico e Intercultural sobre crIsis Ecol&#xF3;gica y Reciprocidad en Comunidades Campesinas Altoandinas (Quispicanchi, Cusco) /</subfield>
  </datafield>
  <datafield tag="260" ind1=" " ind2=" ">
    <subfield code="a">Lima - Per&#xFA;</subfield>
    <subfield code="b">Centro de Estudios y Prevenci&#xF3;n de Desastres - PREDES</subfield>
    <subfield code="c">2024</subfield>
  </datafield>
  <datafield tag="300" ind1=" " ind2=" ">
    <subfield code="a">117 P&#xE1;ginas. :</subfield>
    <subfield code="b">Im&#xE1;genes</subfield>
    <subfield code="c">21 X 29 cm.</subfield>
  </datafield>
  <datafield tag="500" ind1=" " ind2=" ">
    <subfield code="z">P&#xE1;ginas 111 - 117</subfield>
  </datafield>
  <datafield tag="505" ind1=" " ind2=" ">
    <subfield code="a">Contenido: Cap&#xED;tulo 1: Fundamentos y objetivos de la investigaci&#xF3;n etnogr&#xE1;fica y filos&#xF3;fica con enfoque intercultural -- Cap&#xED;tulo 2: Lecturas cr&#xED;ticas campesinas sobre el impacto del cambio clim&#xE1;tico en sus identidades y formas de vida -- Cap&#xED;tulo 3: Acciones campesinas para afrontar los problemas -- Cap&#xED;tulo 4: Hacia un enfoque de interculturalidad cr&#xED;tica en los programas y proyectos en comunidades alto andinas...</subfield>
  </datafield>
  <datafield tag="650" ind1=" " ind2=" ">
    <subfield code="a">Metodolog&#xED;a de la investigaci&#xF3;n </subfield>
    <subfield code="9">5165</subfield>
  </datafield>
  <datafield tag="650" ind1=" " ind2=" ">
    <subfield code="a">La interculturalidad cr&#xED;tica</subfield>
    <subfield code="9">52424</subfield>
  </datafield>
  <datafield tag="650" ind1=" " ind2=" ">
    <subfield code="a">&#xC9;tica de Investigaci&#xF3;n</subfield>
    <subfield code="9">52425</subfield>
  </datafield>
  <datafield tag="650" ind1=" " ind2=" ">
    <subfield code="a">La reciprocidad</subfield>
    <subfield code="9">52426</subfield>
  </datafield>
  <datafield tag="650" ind1=" " ind2=" ">
    <subfield code="a">Tierra nostra</subfield>
    <subfield code="9">52427</subfield>
  </datafield>
  <datafield tag="650" ind1=" " ind2=" ">
    <subfield code="a">Reduciendo riesgos</subfield>
    <subfield code="9">52428</subfield>
  </datafield>
  <datafield tag="650" ind1=" " ind2=" ">
    <subfield code="a">La ambivalencia de los bienes</subfield>
    <subfield code="9">52429</subfield>
  </datafield>
  <datafield tag="650" ind1=" " ind2=" ">
    <subfield code="a">El ayllu y la acci&#xF3;n p&#xF3;litica</subfield>
    <subfield code="9">52430</subfield>
  </datafield>
  <datafield tag="650" ind1=" " ind2=" ">
    <subfield code="a">Desarraigo, migraci&#xF3;n, y expulsi&#xF3;n</subfield>
    <subfield code="9">52431</subfield>
  </datafield>
  <datafield tag="942" ind1=" " ind2=" ">
    <subfield code="2">ddc</subfield>
    <subfield code="c">LIBROS</subfield>
  </datafield>
  <datafield tag="945" ind1=" " ind2=" ">
    <subfield code="a">jmcs</subfield>
    <subfield code="d">31/03/2026</subfield>
  </datafield>
  <datafield tag="952" ind1=" " ind2=" ">
    <subfield code="0">0</subfield>
    <subfield code="2">ddc</subfield>
    <subfield code="4">0</subfield>
    <subfield code="7">0</subfield>
    <subfield code="a">SC</subfield>
    <subfield code="b">SC</subfield>
    <subfield code="c">CART</subfield>
    <subfield code="d">2026-03-31</subfield>
    <subfield code="e">Donaci&#xF3;n</subfield>
    <subfield code="g">30.00</subfield>
    <subfield code="o">333.7 / F61</subfield>
    <subfield code="p">SC0000002441</subfield>
    <subfield code="r">2026-03-31</subfield>
    <subfield code="y">LIBROS</subfield>
  </datafield>
</record>
